000 01125naa a22002897a 4500
001 BR8806170
003 BR-BrBNA
005 20240918180321.0
007 ta
008 230509b bl.||||| |||| 00| 0 por d
040 _aBR-BrBNA
_bpor
_cBiblioteca Nacional de Agricultura
041 _a(Pt)
072 _aL53; L70
_b5240
090 _aL53 BR8806170
100 1 _aVillarroel, A.B.S.
111 1 _a7. Congresso Brasileiro de Reproducao Animal
_cBelo Horizonte, MG (Brazil)
_d1987
245 1 _aImportancia do exame clinico-andrologico na reproducao dos ovinos
246 1 _a[The importance of clinical exams in sheep reproduction]
246 1 _a[7th Brazilian Congress of Animal Reproduction. Annals]
260 3 _aCampinas, SP (Brasil):
_c1988.
500 _a7. Congresso Brasileiro de Reproducao Animal. Anais Campinas, SP (Brasil): 1988. p. 220-227 (BR8806170-AM)L53
650 _aOVINO
650 _aREPRODUCAO ANIMAL
773 0 _t7. Congresso Brasileiro de Reproducao Animal. Anais
_wL53 BR8806170
_gCampinas, SP (Brasil), 1988. p. 220-227
909 _a202404
_bLucia
_c55
_dLucia Elande
942 _cAM
_2AGRIS
999 _c319774
_d319774